<?xml version="1.0" encoding="UTF-8"?>
<collection xmlns="http://www.loc.gov/MARC21/slim">
<record>
  <controlfield tag="001">251</controlfield>
  <controlfield tag="005">20250930111456.0</controlfield>
  <controlfield tag="008">070307s1496    sz      d     000 0 lat dnam a </controlfield>
  <datafield tag="040" ind1=" " ind2=" ">
    <subfield code="a">UZ.GRL</subfield>
  </datafield>
  <datafield tag="041" ind1=" " ind2=" ">
    <subfield code="a">lat</subfield>
  </datafield>
  <datafield tag="100" ind1="1" ind2=" ">
    <subfield code="a">Petrarca, Francesco</subfield>
    <subfield code="d">1304-1374</subfield>
  </datafield>
  <datafield tag="245" ind1=" " ind2=" ">
    <subfield code="a">Opera latina. Bucolicum carmen. De vita solitaria. De remedia utriusque fortunae. Secretum de contemtu mundi. De vera sapientia. De rebus memorandis. Invective contra medicum obiurgantes. Epistolae de rebus familiaribus. Epistolae sine titulo. Epistola ad Carolum IV regem Romanorum. Epistola de studiorum suorum succesibus. Psalmi poenitentiales. De viris illustribus cum supplemento Lombardi Serici. Benvenutus de Rambaldis: Libellus augustalis. Annotatio principalium sententiarum ex libris F. Petrarca collectarum</subfield>
  </datafield>
  <datafield tag="260" ind1=" " ind2=" ">
    <subfield code="a">Basileae</subfield>
    <subfield code="b">Johannes Amerbach</subfield>
    <subfield code="c">1496</subfield>
  </datafield>
  <datafield tag="300" ind1=" " ind2=" ">
    <subfield code="a">;</subfield>
    <subfield code="c">Fol.</subfield>
  </datafield>
  <datafield tag="506" ind1="0" ind2=" ">
    <subfield code="a">Access copy available to the general public</subfield>
    <subfield code="f">Unrestricted</subfield>
  </datafield>
  <datafield tag="538" ind1=" " ind2=" ">
    <subfield code="a">Texto completo System requirements: PC, World Wide Web Browser and DJVU reader</subfield>
  </datafield>
  <datafield tag="538" ind1=" " ind2=" ">
    <subfield code="a">Texto completo Available electronically via Internet</subfield>
  </datafield>
  <datafield tag="540" ind1=" " ind2=" ">
    <subfield code="9">info:eu-repo/semantics/openAccess</subfield>
    <subfield code="a">by</subfield>
    <subfield code="u">https://creativecommons.org/licenses/by/4.0/deed.es</subfield>
  </datafield>
  <datafield tag="655" ind1=" " ind2=" ">
    <subfield code="a">info:eu-repo/semantics/book</subfield>
  </datafield>
  <datafield tag="700" ind1=" " ind2=" ">
    <subfield code="a">Amerbach, Johannes</subfield>
    <subfield code="e">imp.</subfield>
  </datafield>
  <datafield tag="752" ind1=" " ind2=" ">
    <subfield code="a">Suiza.</subfield>
  </datafield>
  <datafield tag="909" ind1="C" ind2="O">
    <subfield code="o">oai:zaguan.unizar.es:251</subfield>
    <subfield code="p">fondo-historico</subfield>
    <subfield code="p">driver</subfield>
  </datafield>
  <datafield tag="980" ind1=" " ind2=" ">
    <subfield code="a">FH</subfield>
    <subfield code="b">incunables</subfield>
  </datafield>
  <datafield tag="856" ind1="4" ind2=" ">
    <subfield code="z">Visor DjVu</subfield>
    <subfield code="a">http://biblioteca.unizar.es/djvu.php</subfield>
  </datafield>
  <datafield tag="856" ind1="4" ind2=" ">
    <subfield code="s">32698036</subfield>
    <subfield code="u">http://zaguan.unizar.es/record/251/files/I_197.djvu</subfield>
    <subfield code="z">Texto completo (DjVu)</subfield>
  </datafield>
  <datafield tag="856" ind1="4" ind2=" ">
    <subfield code="s">35306904</subfield>
    <subfield code="u">http://zaguan.unizar.es/record/251/files/I_197.pdf</subfield>
    <subfield code="z">Texto completo (PDF)</subfield>
  </datafield>
  <datafield tag="907" ind1=" " ind2=" ">
    <subfield code="a">b1484980</subfield>
  </datafield>
</record>
</collection>